| 000 | 00861cam a22002535a 4500 | ||
|---|---|---|---|
| 001 | 18350887 | ||
| 005 | 20150805102217.0 | ||
| 008 | 141028s2015 caua fr 001 0 eng d | ||
| 020 | _a032199020X | ||
| 020 | _a9780321990204 | ||
| 040 |
_aYDXCP _beng _cYDXCP _dZAC _dBTCTA _dBDX _dUKMGB _dDLC _dEG-ScBUE |
||
| 082 | 0 | 4 |
_a006.686 _bNEL _222 |
| 100 | 1 |
_aNelson, Shawn. _938272 |
|
| 245 | 1 | 0 |
_aPhotoshop for games : _bcreating art for console, mobile, and social games / _cShawn Nelson. |
| 260 |
_a[San Francisco] : _bNew Riders / Peachpit / Pearson Education, _cc.2015 |
||
| 300 |
_aviii, 296 p. : _bill. (some color) ; _c24 cm. |
||
| 500 | _aIndex : p. 291-296. | ||
| 630 | 0 | 0 |
_aAdobe Photoshop. _937025 |
| 650 | 0 |
_aComputer games _xDesign. _2BUEsh |
|
| 651 | _2BUEsh | ||
| 653 |
_bCOMAME _cAugust2015 |
||
| 655 |
_vreading book _934232 |
||
| 942 |
_2ddc _k006.686 NEL |
||
| 999 |
_c20415 _d20387 |
||